A Balaton kialakulása, fejlődése és néhány gazdaságföldrajzi jellemzője

Elmentve itt :
Bibliográfiai részletek
Szerző: Vasváry Artúr
További közreműködők: nincs megadva (Témavezető)
Dokumentumtípus: Disszertáció
Megjelent: 1963
Kulcsszavak:Földrajz
Tárgyszavak:
Online Access:http://doktori.ek.szte.hu/8666
LEADER 00728nta a2200205 i 4500
001 dokt8666
005 20240313132428.0
008 240313s1963 hu om 0|| hun d
040 |a SZTE Doktori Repozitórium  |b hun 
041 |a hun 
100 1 |a Vasváry Artúr 
245 1 2 |a A Balaton kialakulása, fejlődése és néhány gazdaságföldrajzi jellemzője  |h [elektronikus dokumentum] /  |c  Vasváry Artúr 
260 |c 1963 
502 |a Disszertacio 
650 4 |a földtudományok 
650 4 |a Természettudományok 
650 4 |a Föld- és kapcsolódó környezettudományok 
695 |a Földrajz 
700 0 1 |a nincs megadva  |e ths 
856 4 0 |u https://doktori.bibl.u-szeged.hu/id/eprint/8666/1/1963_vasvary_artur.pdf  |z Dokumentum-elérés